| 000 | 00694nam a2200193Ia 4500 | ||
|---|---|---|---|
| 003 | GCL | ||
| 008 | 140319s9999 xx 000 0 ara d | ||
| 040 |
_aGCL / _cGCL |
||
| 082 | 0 | 4 |
_a609 _bل ت |
| 100 | 1 | _aلارسن، ايجون | |
| 245 | 1 | 0 |
_aتاريخ التكنولوجيا - قصة الاختراعات واشهر المخترعين منذ بدء الخليقة حتى اليوم / _cلارسن، ايجون |
| 700 | 1 | _aلجنة من المختصين (مترجم) | |
| 300 | _a558 ص | ||
| 490 | _a | ||
| 650 | 0 | 4 | _aالمخترعون |
| 650 | 0 | 4 | _aالتكنولوجيا - الاختراعات |
| 650 | 0 | 4 | _aالتكنولوجيا والحضارة - تاريخ |
| 942 |
_2ddc _cBK |
||
| 999 |
_c38586 _d38586 |
||